[Event "FISU World University-ch 2020"]
[Site "Online"]
[Date "2020.10.26"]
[Round "7.4"]
[White "Michelle Catherina, P."]
[Black "Sargsyan, Anna M."]
[Result "0-1"]
[WhiteElo "2176"]
[BlackElo "2402"]
[Annotator "TA"]
[PlyCount "92"]
[EventDate "2020.10.26"]
[SourceTitle "playchess.com"]
[Source "ChessBase"]
[SourceQuality "1"]

1. d4 d5 2. Nc3 c6 3. Bf4 Nf6 4. e3 Bf5 5. f3 h5 6. Bd3 Bxd3 7. cxd3 e6 8. Nge2 Nbd7 9. O-O h4 10. Bg5 Be7 11. f4 c5 12. f5 Ng4 13. fxe6 Bxg5 14. exd7+ Qxd7 15. Nf4 Nxe3 16. Qe2 cxd4 17. Ncxd5 Bxf4 18. Nxf4 O-O 19. Rf3 Rac8 20. Qf2 Rc2 21. Qxh4 Qc6 22. h3 Rxg2+ 23. Nxg2 Qxf3 24. Qf2 Qxh3 25. Nxe3 dxe3 26. Qg2 Qxg2+ 27. Kxg2 Rd8 28. Rd1 e2 29. Re1 Rxd3 30. Rxe2 Kf8 31. Rc2 Ke7 32. Rc7+ Rd7 33. Rc2 f5 34. Kf3 g5 35. a4 Ke6 36. Rc5 Rd3+ 37. Ke2 Rb3 38. Rc2 f4 39. a5 g4 40. Kf2 Kd5 41. Rd2+ Ke4 42. Rc2 g3+ 43. Kg2 Kd3 44. Rc7 Rxb2+ 45. Kf3 Rf2+ 46. Kg4 g2 0-1

[Event "FISU World University-ch 2020"]
[Site "Online"]
[Date "2020.10.26"]
[Round "7.5"]
[White "Chylewski, Patryk"]
[Black "Yeoh, Li Tian"]
[Result "1/2-1/2"]
[WhiteElo "2330"]
[BlackElo "2523"]
[Annotator "TA"]
[PlyCount "127"]
[EventDate "2020.10.26"]
[SourceTitle "playchess.com"]
[Source "ChessBase"]
[SourceQuality "1"]

1. c4 Nf6 2. Nc3 e5 3. Nf3 Nc6 4. e3 d6 5. Be2 Be7 6. d4 O-O 7. O-O Bf5 8. b3 Re8 9. dxe5 dxe5 10. Bb2 e4 11. Nd4 Nxd4 12. Qxd4 Qxd4 13. exd4 c6 14. Nd1 Rad8 15. Ne3 Bc8 16. Rad1 h5 17. Bc3 h4 18. h3 g6 19. Rd2 Nh7 20. d5 c5 21. Nc2 f5 22. f4 exf3 23. Bxf3 Bd6 24. Re2 Ng5 25. Rxe8+ Rxe8 26. Bf6 Nxf3+ 27. Rxf3 Re2 28. Rf2 Re4 29. Kf1 Kf7 30. Bg5 Be7 31. Bxe7 Kxe7 32. Re2 Rxe2 33. Kxe2 f4 34. Ne1 g5 35. Nf3 Kf6 36. Kd2 Bf5 37. d6 Bd7 38. Ke2 g4 39. hxg4 Bxg4 40. Kf2 h3 41. gxh3 Bxh3 42. Nh2 Ke5 43. Kf3 Bf5 44. Ng4+ Kxd6 45. Kxf4 Bb1 46. Nf2 Bxa2 47. Ne4+ Kc6 48. Nd2 Kb6 49. Ke4 Ka5 50. Kd3 Kb4 51. Kc2 b6 52. Kb2 Bxb3 53. Nxb3 Kxc4 54. Nd2+ Kd3 55. Nf3 a6 56. Ne5+ Kd4 57. Nd7 b5 58. Nb8 a5 59. Nc6+ Kd3 60. Nxa5 c4 61. Nc6 c3+ 62. Kb3 c2 63. Nb4+ Kd2 64. Nxc2 1/2-1/2

[Event "FISU World University-ch 2020"]
[Site "Online"]
[Date "2020.10.26"]
[Round "7.5"]
[White "Kiolbasa, Oliwia"]
[Black "Azhar, Puteri Munajjah Az-Z"]
[Result "1-0"]
[WhiteElo "2260"]
[BlackElo "2046"]
[Annotator "TA"]
[PlyCount "133"]
[EventDate "2020.10.26"]
[SourceTitle "playchess.com"]
[Source "ChessBase"]
[SourceQuality "1"]

1. e4 c5 2. Nf3 e6 3. d4 cxd4 4. Nxd4 a6 5. Bd3 Qc7 6. O-O Nf6 7. Qe2 b6 8. c4 d6 9. Nc3 Bb7 10. f4 Nbd7 11. Kh1 Nc5 12. Bc2 Be7 13. e5 Ng8 14. Rd1 dxe5 15. fxe5 Nd7 16. Bf4 Rc8 17. Ba4 Rd8 18. Qg4 g5 19. Bxg5 Qxe5 20. Bf4 Qf6 21. Nc6 Bxc6 22. Bxc6 Qg6 23. Qxg6 hxg6 24. Bc7 Ngf6 25. Bxd8 Bxd8 26. Ne4 Ke7 27. Nxf6 Nxf6 28. g3 Bc7 29. Kg1 Be5 30. Bb7 a5 31. Rab1 Rb8 32. Bc6 Rc8 33. Bb5 Bd6 34. Rd3 Bc5+ 35. Kg2 e5 36. a3 e4 37. Rd2 e3 38. Re2 Ne4 39. Rd1 f5 40. Rd3 Kf6 41. h4 Rh8 42. Bc6 Ke5 43. Rd5+ Ke6 44. Rd1 Ke5 45. Rd3 Rc8 46. Bb7 Rc7 47. Bd5 Bd4 48. b4 axb4 49. axb4 Ra7 50. Bxe4 Kxe4 51. Rd1 Rc7 52. Rc1 Kd3 53. Kf3 Rxc4 54. Rxc4 Kxc4 55. Rc2+ Kd3 56. Rc6 Kd2 57. Rd6 Kd3 58. Rxg6 Bc3 59. Re6 Bxb4 60. Rxe3+ Kd4 61. h5 Bd2 62. Re6 Kc5 63. h6 b5 64. h7 Bc3 65. Re8 Bg7 66. h8=Q Bxh8 67. Rxh8 1-0

[Event "FISU World University-ch 2020"]
[Site "Online"]
[Date "2020.10.26"]
[Round "7.5"]
[White "Tan, Li Ting"]
[Black "Sliwicka, Alicja"]
[Result "1-0"]
[WhiteElo "2087"]
[BlackElo "2311"]
[Annotator "RC"]
[PlyCount "117"]
[EventDate "2020.10.26"]
[SourceTitle "playchess.com"]
[Source "ChessBase"]
[SourceQuality "1"]

1. Nf3 c5 2. e3 d5 3. b3 Nf6 4. Bb2 e6 5. d4 cxd4 6. exd4 Bd6 7. Bd3 O-O 8. O-O b6 9. Qe2 Nc6 10. a3 Ne7 11. Nbd2 Ng6 12. g3 Re8 13. Ne5 Bxe5 14. dxe5 Nd7 15. b4 f6 16. f4 fxe5 17. fxe5 Qg5 18. Nf3 Qh5 19. Qe3 Bb7 20. Bd4 Rac8 21. Rae1 Ne7 22. Ng5 Nf8 23. Nf7 Rb8 24. Nd6 Red8 25. Rf4 Nfg6 26. Rf2 Nc6 27. c3 Nxd4 28. cxd4 Bc6 29. Rc1 Be8 30. Be2 Qh3 31. Bf1 Qh5 32. Rfc2 Nf8 33. Rc7 Bg6 34. Rxa7 Ra8 35. Rxa8 Rxa8 36. Be2 Qh3 37. Rc6 h6 38. Rxb6 Nh7 39. Bf1 Qg4 40. Rc6 Ng5 41. Rc8+ Rxc8 42. Nxc8 Be4 43. Nd6 Nf3+ 44. Kf2 Nxh2 45. Be2 Qg6 46. Nxe4 dxe4 47. Qf4 h5 48. b5 Ng4+ 49. Bxg4 hxg4 50. a4 e3+ 51. Kxe3 Qc2 52. Qxg4 Qb3+ 53. Kf4 Kf7 54. Kg5 Qxa4 55. d5 Qxb5 56. Qxe6+ Kf8 57. Kg6 Qb7 58. Qd6+ Ke8 59. Qc6+ 1-0

[Event "FISU World University-ch 2020"]
[Site "Online"]
[Date "2020.10.26"]
[Round "7.5"]
[White "Mohd Saprin, Amir Ghaazi"]
[Black "Kokoszczynski, Jan"]
[Result "1/2-1/2"]
[WhiteElo "1951"]
[BlackElo "2221"]
[Annotator "TA"]
[PlyCount "76"]
[EventDate "2020.10.26"]
[SourceTitle "playchess.com"]
[Source "ChessBase"]
[SourceQuality "1"]

1. Nf3 Nf6 2. c4 e6 3. g3 b6 4. Bg2 Bb7 5. O-O Be7 6. b3 O-O 7. Bb2 c5 8. d4 cxd4 9. Nxd4 Bxg2 10. Kxg2 Qc8 11. e3 Qb7+ 12. Qf3 Qxf3+ 13. Kxf3 Nc6 14. Nxc6 dxc6 15. Nc3 Rfd8 16. Rfd1 Kf8 17. Rxd8+ Rxd8 18. Rd1 Rxd1 19. Nxd1 Ke8 20. Nc3 Kd7 21. Ne4 Nxe4 22. Kxe4 g6 23. h3 h5 24. g4 hxg4 25. hxg4 Bh4 26. f3 Bg3 27. Kd3 e5 28. e4 Ke6 29. Ba3 Bf2 30. Bc1 Kf6 31. Bd2 Ke6 32. Bc1 Bc5 33. Bd2 Kf6 34. Bc1 Ke6 35. Bd2 Bf2 36. Bc1 Bc5 37. Bd2 Bf2 38. Bc1 Bc5 1/2-1/2

[Event "FISU World University-ch 2020"]
[Site "Online"]
[Date "2020.10.26"]
[Round "7.6"]
[White "Akhmetov, Ayan"]
[Black "Azman Hisham, Nur Najiha"]
[Result "1-0"]
[WhiteElo "2438"]
[BlackElo "1975"]
[Annotator "TA"]
[PlyCount "79"]
[EventDate "2020.10.26"]
[SourceTitle "playchess.com"]
[Source "ChessBase"]
[SourceQuality "1"]

1. e4 c5 2. Nf3 e6 3. d4 cxd4 4. Nxd4 a6 5. c4 Nf6 6. Nc3 Qc7 7. a3 Nc6 8. Be3 Ne5 9. Be2 d6 10. Rc1 Be7 11. O-O O-O 12. b4 Rd8 13. f3 Ng6 14. Nb3 Bd7 15. Qd4 Ne5 16. Rfd1 Nc6 17. Qd2 a5 18. Nb5 Qb8 19. Bb6 Rc8 20. bxa5 Ne8 21. c5 d5 22. exd5 exd5 23. Qxd5 Be6 24. Qd3 Bxb3 25. Qxb3 Nxa5 26. Qe3 Bf6 27. Rd7 Qe5 28. Qxe5 Bxe5 29. Bxa5 Rxa5 30. Bc4 h6 31. Rxb7 Kh8 32. Rxf7 Nf6 33. c6 Bb2 34. Rc2 Bxa3 35. Nxa3 Rxa3 36. c7 Ra7 37. Be6 Raa8 38. Bxc8 Rxc8 39. Rd2 Kh7 40. Rd8 1-0

[Event "FISU World University-ch 2020"]
[Site "Online"]
[Date "2020.10.26"]
[Round "7.6"]
[White "Rakhimzhan, Alen"]
[Black "Nithyalakshmi, Sivanesan"]
[Result "1/2-1/2"]
[WhiteElo "2273"]
[BlackElo "1945"]
[Annotator "TA"]
[PlyCount "141"]
[EventDate "2020.10.26"]
[SourceTitle "playchess.com"]
[Source "ChessBase"]
[SourceQuality "1"]

1. d4 Nf6 2. c4 g6 3. Nc3 d5 4. cxd5 Nxd5 5. e4 Nxc3 6. bxc3 Bg7 7. Bc4 c5 8. Ne2 Nc6 9. Be3 cxd4 10. cxd4 Qa5+ 11. Qd2 Qxd2+ 12. Kxd2 O-O 13. Rab1 Rd8 14. d5 Ne5 15. Bb3 b6 16. Rhc1 Ba6 17. f4 Ng4 18. Bg1 Nf6 19. Nc3 e6 20. Ke3 Rac8 21. Na4 exd5 22. Rxc8 Bxc8 23. e5 d4+ 24. Ke2 Bg4+ 25. Ke1 Ne4 26. Bd1 Be6 27. Rb4 Bxa2 28. Nb2 Nc3 29. Bf3 d3 30. Be3 Bf8 31. Rd4 Rxd4 32. Bxd4 Nb5 33. Be3 Bb4+ 34. Kd1 Bb3+ 35. Kc1 Bc2 36. Be4 Ba3 37. Bf3 Nc3 38. Bd4 Ne2+ 39. Bxe2 dxe2 40. Bc3 Bd3 41. Kd2 Bxb2 42. Bxb2 Bc4 43. Bc3 a5 44. Bd4 b5 45. Bc3 a4 46. Bb4 Kg7 47. Be7 h6 48. g4 g5 49. f5 Bd3 50. h3 Be4 51. Kxe2 Bg2 52. h4 gxh4 53. Bxh4 b4 54. Be7 b3 55. Ba3 Bh3 56. Kf3 h5 57. f6+ Kg6 58. gxh5+ Kxh5 59. Kf4 Kh4 60. Bb2 Be6 61. Ke3 Kg3 62. Ba3 Kg2 63. Kd2 Kf2 64. Kc3 Ke3 65. Kb2 Kd3 66. Bb4 Kc4 67. Ba3 Kd5 68. Bd6 Ke4 69. Bb8 Kd5 70. Bd6 Ke4 71. Bb8 1/2-1/2

[Event "FISU World University-ch 2020"]
[Site "Online"]
[Date "2020.10.26"]
[Round "7.6"]
[White "Ahmad Nazari, Emir Rusyaidi"]
[Black "Mezentsev, Ivan"]
[Result "0-1"]
[WhiteElo "1963"]
[BlackElo "2354"]
[Annotator "TA"]
[PlyCount "52"]
[EventDate "2020.10.26"]
[SourceTitle "playchess.com"]
[Source "ChessBase"]
[SourceQuality "1"]

1. e4 c5 2. Nf3 Nc6 3. Bb5 g6 4. Bxc6 bxc6 5. O-O Bg7 6. e5 Nh6 7. Nc3 O-O 8. d3 f5 9. Be3 d6 10. exd6 exd6 11. Bg5 Qc7 12. Re1 Nf7 13. Bf4 Rb8 14. Rb1 Rb4 15. Bd2 h6 16. h4 Kh7 17. Ne2 Rg4 18. g3 c4 19. d4 Re4 20. Nf4 Rfe8 21. d5 cxd5 22. Nxd5 Qc6 23. Bc3 Rxe1+ 24. Nxe1 Bb7 25. Bxg7 Kxg7 26. Qd4+ Re5 0-1

[Event "FISU World University-ch 2020"]
[Site "Online"]
[Date "2020.10.26"]
[Round "7.6"]
[White "Azman Hisham, Nur Nabila"]
[Black "Muratova, Anel"]
[Result "0-1"]
[WhiteElo "1936"]
[BlackElo "1753"]
[Annotator "ChessBase"]
[PlyCount "242"]
[EventDate "2020.10.26"]
[SourceTitle "playchess.com"]
[Source "ChessBase"]
[SourceQuality "1"]

1. d4 Nf6 2. c4 g6 3. Nc3 Bg7 4. e4 d6 5. f4 O-O 6. Nf3 a5 7. Be2 Na6 8. O-O b6 9. Ne1 Nd7 10. Bf3 e5 11. fxe5 dxe5 12. d5 Qe7 13. Be3 f5 14. Nd3 f4 15. Bf2 Nac5 16. Na4 Nxd3 17. Qxd3 Ba6 18. Rfd1 Qd6 19. Qc2 Qe7 20. b3 Nc5 21. Bxc5 bxc5 22. Qf2 Rfd8 23. Qxc5 Qd7 24. Rac1 Bf8 25. Qf2 Ba3 26. Rc2 Rab8 27. Nc5 Qd6 28. Ne6 Re8 29. Qh4 Bc8 30. Bg4 Bxe6 31. dxe6 Bc5+ 32. Kh1 Bd4 33. Qh6 Qe7 34. h4 Qg7 35. Qxg7+ Kxg7 36. c5 a4 37. bxa4 Rb4 38. a5 Kf6 39. a6 Ra8 40. Be2 Kxe6 41. a3 Ra4 42. Rb1 Rxa3 43. Rb7 Ra1+ 44. Kh2 Kd7 45. c6+ Kd6 46. Rb5 h5 47. Rd5+ Ke6 48. Bc4 Kf6 49. Rd7 Bg1+ 50. Kh3 Ra3+ 51. Rd3 Ra1 52. g3 g5 53. hxg5+ Kxg5 54. Rg2 Bd4 55. gxf4+ Kxf4 56. Rgg3 Kxe4 57. Rdf3 Rh1+ 58. Kg2 Rg1+ 59. Kh2 Rxg3 60. Kxg3 h4+ 61. Kg2 Rh8 62. Rh3 Bc5 63. Be2 Rg8+ 64. Kh2 Bg1+ 65. Kh1 Bf2 66. Ra3 Kd5 67. Bf3+ Kd6 68. Bg2 Ba7 69. Kh2 Rb8 70. Rd3+ Ke6 71. Rd7 Bb6 72. Kh3 Ra8 73. Bf1 Rh8 74. Bc4+ Kf5 75. Bd5 Kf4 76. Rf7+ Ke3 77. a7 Ra8 78. Kxh4 Rxa7 79. Kg4 Ra8 80. Kf5 Kd4 81. Rd7 Rf8+ 82. Bf7+ Kc5 83. Kxe5 Kxc6 84. Ke6 Bc5 85. Rd1 Rh8 86. Ke5 Bd6+ 87. Kd4 Rh4+ 88. Kc3 Kb5 89. Be8+ Kc5 90. Bd7 Rf4 91. Rd3 Rf7 92. Be6 Re7 93. Bc4 c6 94. Rf3 Be5+ 95. Kd3 Rd7+ 96. Ke4 Kxc4 97. Kxe5 c5 98. Rf4+ Kb3 99. Rf3+ Kb4 100. Ke4 c4 101. Rf8 c3 102. Rc8 Kb3 103. Ke3 c2 104. Ke2 Rd5 105. Rc7 Kb2 106. Rb7+ Kc1 107. Rc7 Rd4 108. Rc8 Kb2 109. Rb8+ Kc3 110. Rc8+ Kb3 111. Rb8+ Kc3 112. Rc8+ Kb2 113. Rb8+ Kc1 114. Rc8 Rb4 115. Kd3 Rb3+ 116. Ke2 Rb7 117. Kd3 Kb1 118. Rxc2 Rd7+ 119. Kc3 Rc7+ 120. Kb3 Rxc2 121. Ka3 Rb2 0-1

[Event "FISU World University-ch 2020"]
[Site "Online"]
[Date "2020.10.26"]
[Round "7.7"]
[White "Molenda, Marcin"]
[Black "Walter, Szymon"]
[Result "1-0"]
[WhiteElo "2349"]
[BlackElo "2276"]
[Annotator "TA"]
[PlyCount "105"]
[EventDate "2020.10.26"]
[SourceTitle "playchess.com"]
[Source "ChessBase"]
[SourceQuality "1"]

1. d4 Nf6 2. c4 g6 3. Nc3 Bg7 4. g3 O-O 5. Bg2 d6 6. e4 e5 7. Nge2 Nbd7 8. O-O c6 9. h3 Re8 10. Be3 exd4 11. Nxd4 Nc5 12. Qc2 a5 13. Rfe1 h5 14. Rad1 h4 15. Nxc6 bxc6 16. Bxc5 hxg3 17. fxg3 Nh5 18. Bxd6 Qg5 19. Qd2 Qxd2 20. Rxd2 Be6 21. g4 Bh6 22. Rf2 Red8 23. c5 Ng7 24. e5 Bd7 25. Ne4 Ne8 26. g5 Bg7 27. Nf6+ Bxf6 28. gxf6 Nxd6 29. exd6 Rab8 30. Re7 Rb4 31. b3 a4 32. bxa4 Rc4 33. Re5 Rxa4 34. Rb2 Ra3 35. Re7 Rc3 36. Rb7 Be6 37. Bxc6 Rxc5 38. d7 Rc1+ 39. Kf2 Rc2+ 40. Ke3 Bxd7 41. Bxd7 Rxa2 42. Re8+ Rxe8+ 43. Bxe8 Ra6 44. Bxf7+ Kf8 45. Bxg6 Rxf6 46. Be4 Rh6 47. Bf5 Kg8 48. Kf4 Ra6 49. h4 Kh8 50. Kg5 Rd6 51. Bg6 Rd4 52. Kh6 Rxh4+ 53. Bh5 1-0

[Event "FISU World University-ch 2020"]
[Site "Online"]
[Date "2020.10.26"]
[Round "7.7"]
[White "Tomaszewski, Kacper"]
[Black "Lewicki, Miroslaw"]
[Result "1-0"]
[WhiteElo "2320"]
[BlackElo "2348"]
[Annotator "TA"]
[PlyCount "105"]
[EventDate "2020.10.26"]
[SourceTitle "playchess.com"]
[Source "ChessBase"]
[SourceQuality "1"]

1. d4 Nf6 2. c4 e6 3. Nc3 d5 4. Nf3 Be7 5. Bf4 c6 6. e3 Nbd7 7. c5 Nh5 8. Bd3 b6 9. b4 Bf6 10. Bd6 g6 11. O-O Be7 12. e4 Bxd6 13. cxd6 O-O 14. e5 c5 15. bxc5 bxc5 16. Bb5 c4 17. Qd2 f6 18. Bc6 Rb8 19. Nxd5 exd5 20. Bxd5+ Kh8 21. e6 Qb6 22. exd7 Bxd7 23. Bxc4 Qxd6 24. d5 Rfd8 25. Rfe1 Nf4 26. Re4 g5 27. Rae1 Bg4 28. Nxg5 fxg5 29. Qd4+ Kg8 30. Re7 Qxe7 31. Rxe7 Rb1+ 32. Bf1 Ne2+ 33. Rxe2 Bxe2 34. h4 Bxf1 35. Kh2 Rb6 36. Qe5 Rf8 37. d6 Rb7 38. Qd5+ Rff7 39. Qxg5+ Rg7 40. Qd5+ Kh8 41. g3 Bb5 42. h5 h6 43. Qe6 Rbf7 44. Kg1 Kh7 45. a4 Bd7 46. Qe3 Bf5 47. a5 Rg5 48. Qb3 Rd7 49. Qd1 Be4 50. Qd4 Bd5 51. Qd3+ Kg8 52. f4 Be4 53. Qc4+ 1-0

[Event "FISU World University-ch 2020"]
[Site "Online"]
[Date "2020.10.26"]
[Round "7.7"]
[White "Dzierzak, Radoslaw"]
[Black "Eggink, Ryszard"]
[Result "0-1"]
[WhiteElo "2252"]
[BlackElo "2387"]
[Annotator "TA"]
[PlyCount "56"]
[EventDate "2020.10.26"]
[SourceTitle "playchess.com"]
[Source "ChessBase"]
[SourceQuality "1"]

1. e4 c5 2. Nf3 g6 3. d4 cxd4 4. Nxd4 Nc6 5. Nc3 Bg7 6. Nde2 Nf6 7. g3 Rb8 8. a4 O-O 9. Bg2 b6 10. O-O Bb7 11. h3 d6 12. Be3 Rc8 13. Rc1 Qd7 14. Qd2 Rfd8 15. Rfd1 e6 16. Bg5 Qe7 17. Qf4 a6 18. Qh4 Ne5 19. b3 Rc7 20. f4 Nc6 21. e5 dxe5 22. Ne4 Rxd1+ 23. Rxd1 Rd7 24. Rxd7 Qxd7 25. Nxf6+ Bxf6 26. Bxf6 Qd1+ 27. Kh2 Nd4 28. Nxd4 Qd2 0-1

[Event "FISU World University-ch 2020"]
[Site "Online"]
[Date "2020.10.26"]
[Round "7.7"]
[White "Kubicka, Anna"]
[Black "Cieslak, Wiktoria"]
[Result "1-0"]
[WhiteElo "2252"]
[BlackElo "2010"]
[Annotator "TA"]
[PlyCount "113"]
[EventDate "2020.10.26"]
[SourceTitle "playchess.com"]
[Source "ChessBase"]
[SourceQuality "1"]

1. d4 b6 2. e4 Bb7 3. Nc3 e6 4. Bd3 Bb4 5. Nge2 Nf6 6. O-O O-O 7. e5 Ne8 8. a3 Bxc3 9. Nxc3 f5 10. exf6 Nxf6 11. Ne2 Nc6 12. c3 e5 13. Bc2 d5 14. dxe5 Nxe5 15. Nd4 c5 16. Ne6 Qd7 17. Nxf8 Rxf8 18. Bf4 Ng6 19. Bg3 Qc6 20. Bxg6 hxg6 21. f3 Nh5 22. Qd2 Nxg3 23. hxg3 Qd6 24. Qf2 g5 25. Rfe1 g4 26. f4 d4 27. cxd4 cxd4 28. Rad1 d3 29. Qe3 Rd8 30. Qe6+ Qxe6 31. Rxe6 Ba6 32. Rd2 Rc8 33. Kf2 Rc2 34. Rxc2 dxc2 35. Rc6 Bd3 36. Ke3 Bf5 37. Kd2 b5 38. Rc5 Be4 39. Rxb5 Bxg2 40. Kxc2 a6 41. Rg5 Bf3 42. Kd2 Kf7 43. Ke3 g6 44. b4 Kf6 45. Kd4 Be2 46. Kc5 Kf7 47. a4 Bd1 48. b5 Bxa4 49. bxa6 Bd1 50. a7 Bf3 51. Rxg4 Kf6 52. Rg5 Ba8 53. Kd6 Bb7 54. Kc7 Ba8 55. Kb8 Bc6 56. a8=Q Bxa8 57. Kxa8 1-0

[Event "FISU World University-ch 2020"]
[Site "Online"]
[Date "2020.10.26"]
[Round "7.8"]
[White "Nenezic, Marko"]
[Black "Blandon, Luis Guillermo"]
[Result "1/2-1/2"]
[WhiteElo "2528"]
[BlackElo "2251"]
[Annotator "TA"]
[PlyCount "124"]
[EventDate "2020.10.26"]
[SourceTitle "playchess.com"]
[Source "ChessBase"]
[SourceQuality "1"]

1. Nf3 Nf6 2. g3 g6 3. Bg2 Bg7 4. O-O O-O 5. c4 d6 6. d4 Nbd7 7. Nc3 e5 8. e4 c6 9. Re1 exd4 10. Nxd4 Ng4 11. Qxg4 Bxd4 12. Qd1 Bg7 13. h3 Ne5 14. Qb3 Be6 15. Qxb7 Qa5 16. Qb3 Nxc4 17. Qc2 Rab8 18. Rb1 Nxb2 19. Bxb2 Rxb2 20. Rxb2 Bxc3 21. Rd1 Bxb2 22. Qxb2 Rd8 23. h4 h5 24. f4 Qb6+ 25. Qf2 Bxa2 26. Ra1 Bc4 27. Rxa7 Rb8 28. Qxb6 Rxb6 29. Rd7 c5 30. f5 Kg7 31. fxg6 Kxg6 32. Rc7 Be6 33. e5 c4 34. Be4+ Kh6 35. exd6 Rxd6 36. Kf2 Rd1 37. Rc5 Rd4 38. Ke3 Rd6 39. Bf3 Rd3+ 40. Kf4 c3 41. Rxh5+ Kg7 42. Rc5 Rd4+ 43. Ke3 Rc4 44. Rxc4 Bxc4 45. Bd1 Kh6 46. Kd4 Be2 47. Bb3 f5 48. Kxc3 Kh5 49. Kd2 Bb5 50. Bd1+ Kg6 51. Ke3 Kf6 52. Kf4 Bd7 53. Bc2 Be6 54. Bd3 Bd7 55. Bc4 Bc8 56. Bg8 Kg7 57. Bc4 Kf6 58. Bd3 Be6 59. Bc2 Bd7 60. h5 Be8 61. Bd1 Bf7 62. h6 Be8 1/2-1/2

[Event "FISU World University-ch 2020"]
[Site "Online"]
[Date "2020.10.26"]
[Round "7.8"]
[White "Djordjevic, Vuk"]
[Black "Ocampo, Cristina"]
[Result "1-0"]
[WhiteElo "2347"]
[BlackElo "1970"]
[Annotator "TA"]
[PlyCount "87"]
[EventDate "2020.10.26"]
[SourceTitle "playchess.com"]
[Source "ChessBase"]
[SourceQuality "1"]

1. e4 e5 2. Nf3 Nc6 3. d4 exd4 4. Nxd4 Bb4+ 5. c3 Bc5 6. Be3 Bb6 7. Nf5 Bxe3 8. Nxe3 Nf6 9. f3 O-O 10. c4 d6 11. Nc3 Nh5 12. Qd2 a5 13. Bd3 Nf4 14. Bc2 Nb4 15. Bb1 c6 16. O-O Qc7 17. a3 Na6 18. Bc2 Nc5 19. g3 Ng6 20. f4 Bh3 21. Rfd1 Rad8 22. b4 axb4 23. axb4 Na6 24. Rab1 Qe7 25. Qf2 Qf6 26. Ne2 Nc7 27. g4 Qh4 28. Qxh4 Nxh4 29. Kf2 Bxg4 30. Nxg4 h5 31. Ne3 Ng6 32. Rd2 b5 33. Rbd1 bxc4 34. Rxd6 Rb8 35. Rxc6 Nb5 36. Nxc4 Rfc8 37. Na5 Na3 38. Bb3 Ne7 39. Rxc8+ Rxc8 40. Rd7 Kf8 41. Nc3 g5 42. f5 Rxc3 43. f6 Nb5 44. Rd8# 1-0

[Event "FISU World University-ch 2020"]
[Site "Online"]
[Date "2020.10.26"]
[Round "7.8"]
[White "Zapata Arbelaez, Estiven"]
[Black "Zajic, Milan"]
[Result "1/2-1/2"]
[WhiteElo "2203"]
[BlackElo "2467"]
[Annotator "RC"]
[PlyCount "72"]
[EventDate "2020.10.26"]
[SourceTitle "playchess.com"]
[Source "ChessBase"]
[SourceQuality "1"]

1. d4 Nf6 2. c4 e6 3. Nc3 Bb4 4. Qc2 O-O 5. Nf3 d6 6. Bg5 Nbd7 7. e3 b6 8. Bd3 h6 9. Bh4 Bb7 10. O-O Bxc3 11. Qxc3 c5 12. Rfe1 Rc8 13. e4 cxd4 14. Qxd4 Qe7 15. e5 dxe5 16. Nxe5 Rfd8 17. Ng4 Qc5 18. Nxf6+ Nxf6 19. Qc3 Qd4 20. Bxf6 Qxf6 21. Qxf6 gxf6 22. Rad1 Kf8 23. f3 Ke7 24. Kf2 f5 25. g3 Bc6 26. f4 Bb7 27. b3 Bc6 28. Ke3 Rg8 29. Kf2 Rgd8 30. Ke3 Rg8 31. Kf2 Kf6 32. Be2 Ke7 33. Bd3 Rgd8 34. Ke3 Rg8 35. Kf2 Rgd8 36. Ke3 Rg8 1/2-1/2

[Event "FISU World University-ch 2020"]
[Site "Online"]
[Date "2020.10.26"]
[Round "7.8"]
[White "Cardona Martinez, Lina Sofia"]
[Black "Blagojevic, Tijana"]
[Result "1/2-1/2"]
[WhiteElo "1877"]
[BlackElo "2194"]
[Annotator "TA"]
[PlyCount "98"]
[EventDate "2020.10.26"]
[SourceTitle "playchess.com"]
[Source "ChessBase"]
[SourceQuality "1"]

1. e4 e5 2. Nf3 Nc6 3. Bb5 Nf6 4. d3 Bc5 5. O-O Nd4 6. Nxd4 Bxd4 7. c3 Bb6 8. Qe2 c6 9. Ba4 d6 10. h3 Qe7 11. Re1 h6 12. Nd2 g5 13. Nf1 g4 14. h4 g3 15. Be3 gxf2+ 16. Bxf2 Ng4 17. d4 Rg8 18. Rad1 Bd7 19. Bc2 O-O-O 20. b4 Nxf2 21. Qxf2 Rg4 22. Rd3 Rdg8 23. Rg3 Qxh4 24. Rxg4 Qxg4 25. Ne3 Qg5 26. Rd1 h5 27. Nc4 Bc7 28. Bb3 exd4 29. cxd4 h4 30. Rd3 h3 31. g3 d5 32. Ne5 h2+ 33. Kh1 Bxe5 34. dxe5 Bg4 35. Re3 d4 36. Re1 Qxe5 37. Qf4 Qxf4 38. gxf4 d3 39. Kxh2 d2 40. Rg1 Rh8+ 41. Kg3 f5 42. exf5 Bxf5 43. Kf2 Rd8 44. Ke3 Kc7 45. Rd1 Bg4 46. Rxd2 Rxd2 47. Kxd2 Kd6 48. Kc3 Bf5 49. Kd4 b6 1/2-1/2

[Event "FISU World University-ch 2020"]
[Site "Online"]
[Date "2020.10.26"]
[Round "7.9"]
[White "Garcia Martin, Marta"]
[Black "Doluweera, Dinul Thisura"]
[Result "1-0"]
[WhiteElo "2328"]
[BlackElo "1863"]
[Annotator "TA"]
[PlyCount "101"]
[EventDate "2020.10.26"]
[SourceTitle "playchess.com"]
[Source "ChessBase"]
[SourceQuality "1"]

1. e4 e6 2. d4 d5 3. Nd2 Nf6 4. e5 Nfd7 5. Bd3 c5 6. c3 Nc6 7. Ne2 cxd4 8. cxd4 f6 9. exf6 Nxf6 10. Nf3 Bd6 11. O-O Qc7 12. h3 O-O 13. Re1 Bd7 14. Be3 Rae8 15. Nc3 a6 16. Rc1 Re7 17. Ne5 Be8 18. Bg5 h6 19. Bh4 Qb6 20. Nxc6 Bxc6 21. Bg6 e5 22. Bg3 Qc7 23. dxe5 Bxe5 24. Bxe5 Rxe5 25. Qd4 Rg5 26. Bd3 Qd7 27. Re3 Nh5 28. Bf1 Qf7 29. f3 Nf4 30. Kh1 Nh5 31. Ne2 Bb5 32. Kg1 Qg6 33. Rcc3 Bxe2 34. Rxe2 Nf4 35. Rd2 Nxh3+ 36. Kh1 Nf4 37. g4 h5 38. Rh2 Ne6 39. Qb6 hxg4 40. Bd3 Qf6 41. f4 Nxf4 42. Bh7+ Kf7 43. Rc7+ Ke8 44. Rc8+ Kf7 45. Qxb7+ Qe7 46. Rc7 Re8 47. Bg8+ Kf8 48. Rxe7 Rxe7 49. Qb8+ Re8 50. Qxf4+ Kxg8 51. Qxg5 1-0

[Event "FISU World University-ch 2020"]
[Site "Online"]
[Date "2020.10.26"]
[Round "7.9"]
[White "Navarrete Espi, Samuel"]
[Black "Methmani, Nelunika"]
[Result "0-1"]
[WhiteElo "2251"]
[BlackElo "1601"]
[Annotator "TA"]
[PlyCount "108"]
[EventDate "2020.10.26"]
[SourceTitle "playchess.com"]
[Source "ChessBase"]
[SourceQuality "1"]

1. e4 c5 2. Nf3 d6 3. d4 cxd4 4. Nxd4 Nf6 5. Nc3 a6 6. Be3 e5 7. Nb3 Be6 8. f3 h5 9. Qd2 Nbd7 10. O-O-O b5 11. h3 Nb6 12. Kb1 b4 13. Bxb6 Qxb6 14. Nd5 Bxd5 15. exd5 a5 16. Qd3 g6 17. Nd2 Bg7 18. Be2 O-O 19. g4 a4 20. Ne4 Nxe4 21. fxe4 h4 22. g5 b3 23. cxb3 Rfb8 24. Rc1 axb3 25. a3 Rc8 26. Bg4 Rxc1+ 27. Rxc1 f6 28. Be6+ Kh7 29. gxf6 Bxf6 30. Qc3 Bd8 31. Qc6 Ra6 32. Qxb6 Bxb6 33. Rc6 Kh6 34. Rxd6 Kg5 35. Rc6 Kf4 36. Bc8 Ra4 37. Rxb6 Rxe4 38. Rxb3 Rc4 39. d6 Rxc8 40. d7 Rd8 41. Rd3 e4 42. Rd6 e3 43. Kc2 g5 44. Kd3 Kg3 45. Kxe3 Kxh3 46. b4 g4 47. Kf2 Kh2 48. Rh6 h3 49. Rg6 Rf8+ 50. Ke2 g3 51. b5 g2 52. d8=Q Rxd8 53. Kf2 Rf8+ 54. Ke2 g1=Q 0-1